[Event "Catalunya-chT Gp1"]
[Site "Barcelona"]
[Date "2024.02.24"]
[Round "6.6"]
[White "Calvo Bures, Marc"]
[Black "Vehi Bach, Victor Manuel"]
[Result "1/2-1/2"]
[WhiteElo "2042"]
[BlackElo "2218"]
[PlyCount "142"]
[EventDate "2024.01.20"]
[EventType "team-tourn"]
[EventRounds "7"]
[EventCountry "ESP"]
[SourceTitle "CB11_2024"]
[SourceDate "2024.03.13"]
[SourceVersion "1"]
[SourceVersionDate "2024.03.13"]
[SourceQuality "1"]
[WhiteTeam "Terrassa"]
[BlackTeam "Mollet"]
[WhiteTeamCountry "ESP"]
[BlackTeamCountry "ESP"]

1. e4 c5 2. Nf3 e6 3. g3 Nc6 4. Bg2 Nf6 5. Nc3 d5 6. exd5 Nxd5 7. 0-0 Be7 8. Nxd5 Qxd5 9. Re1 Qd6 10. d3 0-0 11. Bf4 Qd8 12. Ne5 Nxe5 13. Bxe5 f6 14. Bc3 e5 15. a4 Rb8 16. a5 Bf5 17. Qf3 Qc8 18. Qd5+ Be6 19. Qe4 c4 20. d4 Bf5 21. Qd5+ Kh8 22. dxe5 Bxc2 23. Rac1 Bb3 24. e6 b5 25. axb6 Rxb6 26. Qd7 Re8 27. Qxa7 Rxe6 28. Rxe6 Qxe6 29. Re1 Qd6 30. Bh3 Kg8 31. Qd7 Kf8 32. Qf5 Qd3 33. Qe6 Qd6 34. Qe2 Qd3 35. Qh5 Bc2 36. Bf1 Qf5 37. Qxf5 Bxf5 38. Bxc4 Rb8 39. Be6 Bxe6 40. Rxe6 Kf7 41. Re4 f5 42. Rc4 g6 43. h4 Ke6 44. Kf1 Rb6 45. Ke2 h6 46. Kd3 g5 47. hxg5 hxg5 48. b4 Bd6 49. Kc2 Rb8 50. Kb3 Rb7 51. Bd2 Be7 52. Be3 Kd5 53. Rd4+ Ke5 54. f4+ gxf4 55. gxf4+ Ke6 56. Rc4 Kd5 57. Bd2 Bd6 58. Bc3 Ke6 59. Rd4 Be7 60. Rd3 Bd6 61. Re3+ Kd5 62. Rd3+ Ke6 63. Rd4 Be7 64. Kc4 Rc7+ 65. Kd3 Rb7 66. Bd2 Bd6 67. Rc4 Kd5 68. Be1 Rb8 69. Kc3 Rb7 70. Rd4+ Ke6 71. Rc4 Kd5 1/2-1/2

[Event "Barcelona Sants op 19th"]
[Site "Barcelona"]
[Date "2017.08.20"]
[Round "3"]
[White "Vaishali, Ramesh Babu"]
[Black "Calvo Bures, Marc"]
[Result "1-0"]
[WhiteElo "2327"]
[BlackElo "1860"]
[PlyCount "49"]
[EventDate "2017.08.18"]
[EventType "swiss"]
[EventRounds "10"]
[EventCountry "ESP"]
[SourceTitle "CBM 180 Extra"]
[Source "ChessBase"]
[SourceDate "2017.10.06"]
[SourceVersion "1"]
[SourceVersionDate "2017.10.06"]
[SourceQuality "1"]

1. e4 e6 2. d4 d5 3. Nd2 Nc6 4. Ngf3 Nf6 5. e5 Nd7 6. Bd3 Nb4 7. Be2 c5 8. c3 Nc6 9. Bd3 f6 10. exf6 Qxf6 11. 0-0 Bd6 12. Re1 0-0 13. Nf1 e5 14. dxe5 Ndxe5 15. Be2 Be6 16. Bg5 Nxf3+ 17. Bxf3 Qxg5 18. Rxe6 Rad8 19. Ng3 Bxg3 20. hxg3 Rf6 21. Rxf6 gxf6 22. Qb3 b6 23. Rd1 Na5 24. Qb5 Nc4 25. Bxd5+ 1-0